The Diagnostic and Change of Firm Culture in an International Company
Gespeichert in:
| 1. Verfasser: | |
|---|---|
| Weitere Verfasser: | |
| Format: | Buchkapitel |
| Sprache: | Englisch |
| Tags: |
Keine Tags, Fügen Sie das erste Tag hinzu!
|
MARC
| LEADER | 00000naa a2200000 4500 | ||
|---|---|---|---|
| 001 | 0308538 | ||
| 005 | 20260129072823.9 | ||
| 041 | 0 | |a eng | |
| 044 | |a SK | ||
| 245 | 1 | 0 | |a The Diagnostic and Change of Firm Culture in an International Company |c Mária Antošová, Karel Rakušan |
| 100 | 1 | |a Antošová, Mária, 1965- | |
| 700 | 1 | |a Rakušan, Karel | |